Las pinturas prehistóricas de las cuevas de la Araña (Valencia) (Record no. 83124)

MARC details
000 -LEADER
campo de control de longitud fija 01340nam a2200253 i 4500
001 - NÚMERO DE CONTROL
campo de control 83124
003 - IDENTIFICADOR DE NÚMERO DE CONTROL
campo de control ES-MaACL
005 - FECHA Y HORA DE LA ÚLTIMA TRANSACCIÓN
campo de control 20250928103339.0
007 - CAMPO FIJO DE DESCRIPCIÓN FÍSICA--INFORMACIÓN GENERAL
campo de control de longitud fija t|
008 - DATOS DE LONGITUD FIJA--INFORMACIÓN GENERAL
campo de control de longitud fija 180601s1924 sp ||||1| spa d
100 1# - ENTRADA PRINCIPAL--NOMBRE DE PERSONA
Nombre de persona Hernández-Pacheco, Eduardo,
Fechas asociadas al nombre 1872-1965
9 (RLIN) 63012
245 14 - MENCIÓN DEL TÍTULO
Título Las pinturas prehistóricas de las cuevas de la Araña (Valencia)
Resto del título : (Evolución del arte rupestre de España) / por Eduardo Hernández-Pacheco ... con la cooperación para los trabajos preparatorios de Jaime Poch, Francisco Bénitez y Francisco Hernández-Pacheco.
260 ## - PUBLICACIÓN, DISTRIBUCIÓN, ETC.
Lugar de publicación, distribución, etc. Madrid :
Nombre del editor, distribuidor, etc. Museo Nacional de Ciencias Naturales,
Fecha de publicación, distribución, etc. 1924.
300 ## - DESCRIPCIÓN FÍSICA
Extensión 221 p., 24 h. lám.,1 lám. pleg. col. :
Otras características físicas il. ;
Dimensiones 27 cm.
490 1# - MENCIÓN DE SERIE
Mención de serie Comisión de Investigaciones Paleontológicas y Prehistóricas. Memoria ;
Designación de volumen o secuencia 34. Serie prehistórica, 28
594 ## - Nota al título y mención de responsabilidad
Nota al título y mención de responsabilidad Precede al tít: Junta para la Ampliación de Estudios e Investigaciones Científicas.
650 #4 - PUNTO DE ACCESO ADICIONAL DE MATERIA--TÉRMINO DE MATERIA
Término de materia o nombre geográfico como elemento de entrada Pintura rupestre-
Subdivisión geográfica Valencia (Provincia)
9 (RLIN) 164895
700 1# - ENTRADA AGREGADA--NOMBRE PERSONAL
Nombre de persona Poch, Jaime.
9 (RLIN) 164896
700 1# - ENTRADA AGREGADA--NOMBRE PERSONAL
Nombre de persona Benítez Mellado, Francisco,
Fechas asociadas al nombre 1883-1962
9 (RLIN) 164885
700 1# - ENTRADA AGREGADA--NOMBRE PERSONAL
Nombre de persona Hernández-Pacheco, Francisco,
Fechas asociadas al nombre 1899-1976
9 (RLIN) 63010
830 00 - PUNTO DE ACCESO ADICIONAL DE SERIE-TÍTULO UNIFORME
Título uniforme Comisión de Investigaciones Paleontológicas y Prehistóricas. Memoria
Designación de volumen o secuencia 34. Serie prehistórica, 28
9 (RLIN) 183771
852 ## - LOCALIZACIÓN
Ubicación ES-MaACL
Número de control de estantería B-13008(1)
Holdings
Estatus retirado Estado de pérdida Estado de daño No para préstamo Biblioteca de origen Biblioteca actual Ubicación en estantería Fecha de adquisición Fuente de adquisición Total de préstamos Signatura topográfica completa Código de barras Visto por última vez Precio de reemplazo Tipo de ítem Koha
        Biblioteca del Ateneo de Madrid Biblioteca del Ateneo de Madrid Sala Pardo Bazán 01/06/2018     B-13008(1) 1198943 23/02/2023 23/02/2023 Libro impreso